Score 0/50 Timer 10:00
0 Plays Today
State and Capital % Correct
Sacramento, California
89.9%
Albany, New York
89.3%
Austin, Texas
87.6%
Atlanta, Georgia
85.3%
Tallahassee, Florida
84.2%
Phoenix, Arizona
82.9%
Denver, Colorado
82.4%
Honolulu, Hawaii
81.9%
Juneau, Alaska
80.9%
Boston, Massachusetts
80.4%
Boise, Idaho
80.1%
Indianapolis, Indiana
79%
Columbus, Ohio
78.9%
Baton Rouge, Louisiana
78.4%
Oklahoma City, Oklahoma
78.3%
Salt Lake City, Utah
78%
Little Rock, Arkansas
77.8%
Olympia, Washington
77.3%
Salem, Oregon
77.3%
Augusta, Maine
77.1%
Raleigh, North Carolina
76.5%
Carson City, Nevada
76.2%
Nashville, Tennessee
76.1%
Santa Fe, New Mexico
76.1%
Helena, Montana
76%
State and Capital % Correct
Springfield, Illinois
75.8%
Dover, Delaware
75.8%
Jackson, Mississippi
74.9%
Annapolis, Maryland
74.8%
Trenton, New Jersey
74.2%
Lansing, Michigan
73.8%
Topeka, Kansas
73.7%
Montgomery, Alabama
73.5%
Providence, Rhode Island
73.5%
Saint Paul, Minnesota
73.5%
Richmond, Virginia
73.3%
Pierre, South Dakota
73.1%
Des Moines, Iowa
72.5%
Hartford, Connecticut
72.4%
Lincoln, Nebraska
72.2%
Harrisburg, Pennsylvania
72.2%
Montpelier, Vermont
71.4%
Cheyenne, Wyoming
71.2%
Frankfort, Kentucky
70.7%
Bismarck, North Dakota
70.5%
Madison, Wisconsin
70.5%
Columbia, South Carolina
70.3%
Jefferson City, Missouri
67.3%
Charleston, West Virginia
66.8%
Concord, New Hampshire
66.4%
Come Together.
Have Fun.
All Virtual.
We all need to come together. Play Sporcle's virtual live trivia to have fun, connect with people, and get your trivia on. Join a live hosted trivia game for your favorite pub trivia experience done virtually. If a virtual private party is more your thing, go here for details.

You're not logged in!

Compare scores with friends on all Sporcle quizzes.
OR
Log In

Sporcle TV

Today on Sporcle TV


Watch our educational content, quiz creation guides, and fun videos on Sporcle TV.

Show Comments

Extras

Top Quizzes Today


Score Distribution

Paid Content

Your Account Isn't Verified!

In order to create a playlist on Sporcle, you need to verify the email address you used during registration. Go to your Sporcle Settings to finish the process.

Report this User

Report this user for behavior that violates our Community Guidelines.

Details: